Kota yang mencabar

Bibliographic Details
Main Author: Jose, F. Sionil (Author)
Other Authors: Hamdan Yahya (Translator)
Format: Book
Language:Malay
Published: Kuala Lumpur : Dewan Bahasa dan Pustaka 1988
Subjects:

MARC

LEADER 00000cam a2200000 7i4500
001 0000001281
005 20240924.0
008 991125 my may
020 |a 9836206272 
040 |a INS   |b eng   |e rda 
090 0 0 |a PL5196.E5   |b .J67 1988 
100 1 |a Jose, F. Sionil ,   |e author 
245 1 0 |a Kota yang mencabar   |c F. Sionil Jose   |f Penterjemah Hamdan Yahya 
264 1 |a Kuala Lumpur :   |b Dewan Bahasa dan Pustaka   |c 1988 
300 |a 387 pages ;   |c 19 cm. 
336 |a text  |2 rdacontent 
337 |a unmediated  |2 rdamedia 
338 |a volume  |2 rdacarrier 
650 0 |a Philippine fiction   |x Malay 
700 0 |a Hamdan Yahya ,   |e translator 
999 |a 0000003274   |b BOOK   |c Open Shelf   |e Default branch